Histoire : Dates et Événements historiques #2 | Click Quiz - Statistiques

Statistiques générales
  • Ce quiz a été pris 116 fois
  • Le résultat moyen est 6 sur 15
Statistiques - réponses
Hint Réponse % Correct
Règne de François II 1559-1560
59%
Édit de Nantes mettant fin aux Guerres de Religion 1598
58%
Charles X monte sur le trône de France Septembre 1824
55%
Bataille de Wagram 1809
52%
Massacre de la Saint Barthélémy Août 1572
45%
Siège de Jérusalem par les Croisés. Godefroy de Bouillon devient Avoué du Saint-Sépulcre 1099
42%
Début de la construction de Notre-Dame de Paris 1163
42%
Philippe le Bel devient Roi de France 1285
39%
Siège de Paris par les Vikings,le comte Eudes défend la ville 885
39%
Fin de la construction de Notre-Dame de Paris 1345
36%
Mort de la Reine Marie-Thérèse d'Autriche Juillet 1683
34%
Première Guerre d'Italie 1494-1497
32%
Bataille de Tolbiac 496
23%
Otton Ier est élu Empereur du Saint-Empire Germanique 962
22%
Sac de Rome par le Connétable de Bourbon 1527
17%
Aucun quiz correspondant
Distribution des résultats
% des personnes avec chaque résultat
Percentile par nombre de réponses
Votre historique - résultats
Vous n’avez pas pris ce quiz